00969nam a2200193 a 450000100060000000300090000600800410001502000150005604000280007108200160009910000310011524500980014626000590024430000070030349000440031050503790035465000120073365000300074521689CO-ViMGA141112s2004 ck r 000 u spa d a9586168794 aCO-ViMGAbspacCO-ViMGA04a343.2 P651i1 aPolaino Navarrete, Miguel 10aEl injusto de la tentativa en el ejemplo de los delitos de mera actividad y de omisión pura aBogotá : bUniversidad Externado de Colombia, c2004 a42 aCuadernos de conferencias y artículos aInjusto intentado como categoría independiente del injusto consumado 14 - - Lesión de bienes jurídicos versus ataques a la vigencia de la norma 22 - - Fundamento de la punibilidad del injusto de la tentativa 25 - - Sobre la culpabilidad de la lesión de la vigencia de la norma 28 - - Significado del hecho de una persona y concepto jurídico penal de resultado 31 14aDELITOS14aTENTATIVA (DERECHO PENAL)